| 000 | 00636nam a2200193Ia 4500 | ||
|---|---|---|---|
| 003 | GCL | ||
| 008 | 140319s9999 xx 000 0 ara d | ||
| 040 |
_aGCL / _cGCL |
||
| 082 | 0 | 4 |
_a620.03 _bم ق |
| 100 | 1 | _aمحمود احمد حسين حمدان | |
| 245 | 1 | 0 |
_aالقاموس الهندسى الشامل, انجليزى- عربى / _cمحمود احمد حسين حمدان |
| 260 |
_a[S.N] : _bدار الراتب الجامعية ، _c1993 |
||
| 300 | _a1215 | ||
| 490 |
_aدراسة فى ازمة الخليج _v0 |
||
| 650 | 0 | 4 | _aالهندسة |
| 650 | 0 | 4 | _aالمعاجم |
| 650 | 0 | 4 | _aالقاموس |
| 942 |
_2ddc _cREF |
||
| 999 |
_c59739 _d59739 |
||